[Event "Dmitrov op"]
[Site "Dmitrov"]
[Date "2012.07.27"]
[Round "5"]
[White "Studennikov, Dmitry"]
[Black "Mozgunov, Mikhail"]
[Result "0-1"]
[WhiteElo "1650"]
[BlackElo "2029"]
[PlyCount "158"]
[EventDate "2012.07.25"]
[EventType "swiss"]
[EventRounds "9"]
[EventCountry "RUS"]
[SourceTitle "CBM 149 Extra"]
[Source "ChessBase"]
[SourceDate "2012.08.24"]
[SourceVersion "1"]
[SourceVersionDate "2012.08.24"]
[SourceQuality "1"]

1. e4 d6 2. d4 Nf6 3. Nc3 g6 4. g3 Bg7 5. Bg2 0-0 6. Nge2 c6 7. a4 Nbd7 8. 0-0 e5 9. b3 Re8 10. Bb2 exd4 11. Nxd4 Nc5 12. Re1 a5 13. Qd2 Qe7 14. Rad1 Nh5 15. Nb1 Ne6 16. Nxe6 Bxb2 17. Nd4 Bxd4 18. Qxd4 Rd8 19. Nd2 Be6 20. Nc4 Bxc4 21. Qxc4 Nf6 22. Qc3 Qe5 23. Qd3 Qc5 24. Qd4 Ne8 25. Rd2 Qxd4 26. Rxd4 Kf8 27. Red1 Ke7 28. Bf1 Nc7 29. Bc4 Rab8 30. Ra1 h6 31. Kg2 g5 32. h3 h5 33. Rd2 Ne8 34. c3 Nf6 35. b4 Ra8 36. Bb3 b6 37. Re1 Nd7 38. Red1 Ne5 39. Re2 g4 40. h4 Rg8 41. Red2 Rg6 42. Re2 Rf6 43. Re3 c5 44. Bd5 Rc8 45. b5 c4 46. Ra1 Rc5 47. Ba8 Kd7 48. Ra2 Re6 49. Rd2 Rg6 50. Ra2 Rg8 51. Bd5 Re8 52. Rd2 Re7 53. Ba8 Rc8 54. Bd5 Ree8 55. Rd1 Re7 56. Rd2 Ke8 57. Rd1 Kf8 58. Rd2 Kg7 59. Rd1 Kf6 60. Rd4 Rec7 61. Rd2 Rg8 62. Rd1 Rg6 63. Rd2 Ke7 64. Rd1 Rf6 65. Rd2 Rf3 66. Rxf3 Nxf3 67. Rd1 Rc5 68. Kf1 Ne5 69. Kg2 Kf6 70. Rd2 Nf3 71. Rd1 Ne5 72. Rd2 Nd3 73. Ba8 Ke5 74. Re2 Rc8 75. Bb7 Rc7 76. Ba8 Nc5 77. Kf1 Nxa4 78. Rc2 Nc5 79. Rd2 Nd3 0-1